Zhodnotenie účinnosti ekonomických nástrojov a námety na ich zdokonalenie v potravinárskom priemysle záverečná správa SPEV 903 529 308-06/02

Uložené v:
Podrobná bibliografia
Médium: Kniha
Jazyk:Slovak
Vydavateľské údaje: Bratislava Výskumný ústav ekonomiky poľnohospodárstva a potravinárstva 1982
Tagy: Pridať tag
Žiadne tagy, Buďte prvý, kto otaguje tento záznam!

MARC

LEADER 00000nam a2200000 4500
001 c136439
005 20210820124412.8
041 0 |a slo 
044 |a SK 
245 1 0 |a Zhodnotenie účinnosti ekonomických nástrojov a námety na ich zdokonalenie v potravinárskom priemysle  |b záverečná správa SPEV 903 529 308-06/02 
264 1 |a Bratislava  |b Výskumný ústav ekonomiky poľnohospodárstva a potravinárstva  |c 1982 
300 |a 68 s.